00340nam a22001217a 450000500170000000800410001704000070005804100120006508200210007724500460009826000460014470000280019020230626161758.0230626b ||||| |||| 00| 0 eng d cAL aEnglish 223a050/62bGOVK aKarnataka state gazetteer: Bidar district aBangalorebGovernment Of Karnataka c1977 aGOVERNMENT OF KARNATAKA